[Event "Agzamov Memorial 09th"]
[Site "Tashkent"]
[Date "2015.03.11"]
[Round "1"]
[White "Shavdirov, Jahongir"]
[Black "Papin, Vasily"]
[Result "0-1"]
[WhiteElo "2017"]
[BlackElo "2501"]
[PlyCount "82"]
[EventDate "2015.03.11"]
[EventType "swiss"]
[EventRounds "9"]
[EventCountry "UZB"]
[SourceTitle "CBM 165 Extra"]
[Source "ChessBase"]
[SourceDate "2015.04.21"]
[SourceVersion "1"]
[SourceVersionDate "2015.04.21"]
[SourceQuality "1"]

1. Nf3 d5 2. g3 c6 3. c4 dxc4 4. a4 Na6 5. Na3 Qd5 6. Bg2 Nf6 7. Nc2 Qc5 8. 0-0 g6 9. b3 cxb3 10. Ncd4 Bg7 11. Ba3 Qd5 12. Nxb3 Qd8 13. d4 0-0 14. e3 Qc7 15. Qe2 Be6 16. Rab1 Bd5 17. Rfc1 Rfe8 18. Qe1 Qc8 19. Na5 Rb8 20. Qe2 Nc7 21. Ne5 Bxg2 22. Kxg2 Nfd5 23. Qf3 Bxe5 24. dxe5 Ne6 25. h4 Qc7 26. Nc4 Nb6 27. Nxb6 axb6 28. Qe4 c5 29. Rb5 Ra8 30. Rcb1 Ra6 31. a5 Rea8 32. Rxb6 Rxb6 33. Rxb6 Nd8 34. e6 Rxa5 35. exf7+ Kf8 36. Rb3 Qc6 37. Qxc6 Nxc6 38. Bxc5 Rxc5 39. Rxb7 Ne5 40. Rb4 Rc2 41. Rd4 h5 0-1

[Event "Wch U16"]
[Site "Al Ain"]
[Date "2013.12.22"]
[Round "6"]
[White "Shavdirov, Jahongir"]
[Black "Bayramov, Elkhan Khayyat"]
[Result "1-0"]
[WhiteElo "1922"]
[BlackElo "2173"]
[PlyCount "55"]
[EventDate "2013.12.18"]
[EventType "swiss"]
[EventRounds "11"]
[EventCountry "UAE"]
[SourceTitle "CBM 158 Extra"]
[Source "ChessBase"]
[SourceDate "2014.02.28"]
[SourceVersion "1"]
[SourceVersionDate "2014.02.28"]
[SourceQuality "1"]

1. Nf3 Nf6 2. c4 g6 3. g3 Bg7 4. Bg2 d6 5. 0-0 e5 6. d4 exd4 7. Nxd4 0-0 8. Nc3 Nbd7 9. e4 Nc5 10. Re1 c6 11. h3 a5 12. Be3 Bd7 13. Qc2 Qc7 14. Rad1 Rae8 15. b3 Na6 16. Qd2 Re7 17. Nde2 Ne8 18. Bg5 f6 19. Bh6 Bxh6 20. Qxh6 Nc5 21. Qd2 Qc8 22. Kh2 f5 23. exf5 Bxf5 24. Nd4 Ref7 25. f4 Ng7 26. Nxf5 Nxf5 27. Ne4 Nxe4 28. Bxe4 1-0

[Event "Asia U20 op"]
[Site "Tashkent"]
[Date "2012.06.06"]
[Round "8"]
[White "Shavdirov, Jahongir"]
[Black "Karayev, Assylkhan"]
[Result "0-1"]
[WhiteElo "1903"]
[BlackElo "2276"]
[PlyCount "84"]
[EventDate "2012.05.30"]
[EventType "swiss"]
[EventRounds "9"]
[EventCountry "UZB"]
[SourceTitle "CBM 148 Extra"]
[Source "ChessBase"]
[SourceDate "2012.06.22"]
[SourceVersion "1"]
[SourceVersionDate "2012.06.22"]
[SourceQuality "1"]

1. c4 b6 2. Nc3 Bb7 3. e4 e6 4. g3 g6 5. Bg2 Bg7 6. Nge2 Ne7 7. 0-0 d6 8. d3 0-0 9. Be3 h6 10. Qd2 Kh7 11. f4 Qc8 12. g4 f5 13. h3 Nd7 14. Ng3 a5 15. Rae1 a4 16. Rf2 a3 17. b3 Nf6 18. exf5 gxf5 19. gxf5 Nxf5 20. Nxf5 exf5 21. d4 Bxg2 22. Rxg2 c6 23. d5 c5 24. Bf2 Re8 25. Qd3 Rxe1+ 26. Bxe1 Nh5 27. Ne2 Qd7 28. Bc3 Bxc3 29. Qxc3 Re8 30. Qf3 Nf6 31. Nc3 Qf7 32. Re2 Ne4 33. Kf1 Qg7 34. Nxe4 fxe4 35. Rxe4 Qa1+ 36. Kf2 Rg8 37. Re7+ Kh8 38. Re1 Qxa2+ 39. Re2 Qa1 40. Re1 Qd4+ 41. Qe3 Qg7 42. Qf3 a2 0-1

[Event "Asia U20 op"]
[Site "Tashkent"]
[Date "2012.05.31"]
[Round "2"]
[White "Sattarov, Bobir"]
[Black "Shavdirov, Jahongir"]
[Result "1-0"]
[WhiteElo "2151"]
[BlackElo "1903"]
[PlyCount "117"]
[EventDate "2012.05.30"]
[EventType "swiss"]
[EventRounds "9"]
[EventCountry "UZB"]
[SourceTitle "CBM 148 Extra"]
[Source "ChessBase"]
[SourceDate "2012.06.22"]
[SourceVersion "1"]
[SourceVersionDate "2012.06.22"]
[SourceQuality "1"]

1. Nf3 c5 2. g3 Nc6 3. Bg2 g6 4. 0-0 Bg7 5. d3 d6 6. e4 e5 7. c3 Nge7 8. a4 0-0 9. Na3 h6 10. Nc4 Be6 11. Re1 f5 12. exf5 Nxf5 13. Nfd2 Qd7 14. a5 Rf7 15. Ne4 Raf8 16. f4 Re7 17. fxe5 Nxe5 18. Nxe5 Bxe5 19. Nxc5 Bd4+ 20. cxd4 dxc5 21. dxc5 Qd4+ 22. Kh1 Bd5 23. Rxe7 Nxe7 24. Ra4 Qxc5 25. Bxh6 Rf2 26. Bxd5+ Qxd5+ 27. Re4 Nf5 28. Bf4 Rxb2 29. Qa4 Rb5 30. Qc4 Qxc4 31. Rxc4 g5 32. Bc1 Rxa5 33. Kg2 Nd6 34. Rd4 Nf7 35. Kf3 Rf5+ 36. Ke2 a5 37. Bd2 Rb5 38. Bc3 Kh7 39. g4 b6 40. h3 Rb3 41. Kd2 Rb1 42. Rd7 Kg8 43. Ke3 a4 44. Ke4 Rf1 45. Ra7 b5 46. d4 Kf8 47. Bb4+ Kg7 48. Bc5 Re1+ 49. Kd5 Re3 50. Kc6 Rxh3 51. d5 Rg3 52. d6 Rd3 53. Kxb5 Kf6 54. Ra6 Ke5 55. Kc4 Rd5 56. Ra5 Ke4 57. Kb5 Nxd6+ 58. Kc6 Rd3 59. Bxd6 1-0